What's eating you? : (Record no. 8176)

MARC details
000 -LEADER
fixed length control field 01450nam a22003017a 4500
001 - CONTROL NUMBER
control field 8176
003 - CONTROL NUMBER IDENTIFIER
control field FISKH
005 - DATE AND TIME OF LATEST TRANSACTION
control field 20250901102616.0
008 - FIXED-LENGTH DATA ELEMENTS--GENERAL INFORMATION
fixed length control field 250901b cb ||||| |||| 00| 0 eng d
020 ## - INTERNATIONAL STANDARD BOOK NUMBER
International Standard Book Number 9780545622448
040 ## - CATALOGING SOURCE
Original cataloging agency FISKH
Language of cataloging eng
Transcribing agency FISKH
Modifying agency FISKH
050 ## - LIBRARY OF CONGRESS CALL NUMBER
Classification number QL757 D38
082 ## - DEWEY DECIMAL CLASSIFICATION NUMBER
Classification number 591.6
100 ## - MAIN ENTRY--PERSONAL NAME
Personal name Davies, Nicola
Dates associated with a name (1958–)
245 ## - TITLE STATEMENT
Title What's eating you? :
Remainder of title Parasites-the inside story /
Statement of responsibility, etc. By Nicola Davies ; Illustrated by Neal Layton
250 ## - EDITION STATEMENT
Edition statement This edition first published in 2007
260 ## - PUBLICATION, DISTRIBUTION, ETC.
Place of publication, distribution, etc. New York :
Name of publisher, distributor, etc. Scholastic,
Date of publication, distribution, etc. 2007
300 ## - PHYSICAL DESCRIPTION
Extent 60 pages :
Other physical details color illustrations ;
Dimensions 16 x 25 cm
505 ## - FORMATTED CONTENTS NOTE
Formatted contents note J<br/>
520 ## - SUMMARY, ETC.
Summary, etc. Mites and lice, fleas, ticks, and tapeworms -- most living creatures that have a habitat also are a habitat, including you (are you itchy yet?). Unwelcome guests -- parasites -- are everywhere, from the barnacles hitching a ride on a humpback whale's head to the tiny flies that control a bee's brain and make it literally dig its own grave. Now an expert team returns for an in-depth look at how these insidious critters do it, whether it's leaping aboard moving targets or morphing their body shapes, and what their unwitting hosts have learned to do to fight back and reclaim their space.<br/>
521 8# - TARGET AUDIENCE NOTE
Target audience note 500<br/>
Source Lexile<br/>
521 8# - TARGET AUDIENCE NOTE
Target audience note J<br/>
Source Raz-Plus<br/>
650 ## - SUBJECT ADDED ENTRY--TOPICAL TERM
Source of heading or term Science
Topical term or geographic name entry element Parasites
650 ## - SUBJECT ADDED ENTRY--TOPICAL TERM
Source of heading or term Biology
700 ## - ADDED ENTRY--PERSONAL NAME
Personal name Layton, Neal
Dates associated with a name illustrator
942 ## - ADDED ENTRY ELEMENTS (KOHA)
Source of classification or shelving scheme Dewey Decimal Classification
Koha item type Books
Suppress in OPAC No
Holdings
Withdrawn status Lost status Source of classification or shelving scheme Damaged status Not for loan Collection Home library Current library Shelving location Date acquired Total Checkouts Full call number Barcode Date last seen Copy number Price effective from Koha item type
    Dewey Decimal Classification     Juvenile Fiction Footprints International School Library Network Toul Tom Poung Campus Footprints International School Library Network Toul Tom Poung Campus TTP Primary Dark Blue Bookshelves 09/01/2025   DAV 591.6 QL757 D38 FISSE01272 09/01/2025 1 09/01/2025 Books